书目信息 |
| 题名: |
无机精细化学品的制备和应用
|
|
| 作者: | 熊家林 主编 | |
| 分册: | ||
| 出版信息: | 北京 化学工业出版社 1999 |
|
| 页数: | 644页 | |
| 开本: | 32开 | |
| 丛书名: | ||
| 单 册: | ||
| 中图分类: | TQ11 | |
| 科图分类: | ||
| 主题词: | 无机化工--精细化工--化工产品 | |
| 电子资源: | ||
| ISBN: | 7-5025-2603-X | |
| 000 | 00602nam0 2200193 45 | |
| 001 | 0111200871 | |
| 005 | 20031219104051.6 | |
| 010 | @a7-5025-2603-X@dCNY38.00 | |
| 100 | @a20011120d1999 km y0chiy0120 ea | |
| 101 | 0 | @achi |
| 105 | @a z 000yy | |
| 200 | 1 | @a无机精细化学品的制备和应用@AWu Ji Jing Xi Hua Xue Pin De Zhi Bei He Ying Yong@f熊家林等主编@FXiong Jia Lin Deng Zhu Bian |
| 210 | @a北京@c化学工业出版社@d1999 | |
| 215 | @a644页@d32开 | |
| 606 | 0 | @a无机化工@x精细化工@x化工产品 |
| 690 | @aTQ11@v4 | |
| 701 | @a熊家林@4主编 | |
| 801 | @aCN@bTSTC@c20011120 | |
| 905 | @f6@b301023-028@dTQ11@e10 | |
| 无机精细化学品的制备和应用/熊家林等主编.-北京:化学工业出版社,1999 |
| 644页;32开 |
| ISBN 7-5025-2603-X:CNY38.00 |
| ● |
| 相关链接 |
|
|
|
|
正题名:无机精细化学品的制备和应用
索取号:TQ11/10
 
预约/预借
| 序号 | 登录号 | 条形码 | 馆藏地/架位号 | 状态 | 备注 |
| 1 | 0301023 | 203010231 | 第三借阅区/ [索取号:TQ11/10] | 在馆 | |
| 2 | 0301024 | 203010240 | 第三借阅区/ [索取号:TQ11/10] | 在馆 | |
| 3 | 0301025 | 203010259 | 第三借阅区/ [索取号:TQ11/10] | 在馆 | |
| 4 | 0301026 | 203010268 | 第三借阅区/ [索取号:TQ11/10] | 在馆 | |
| 5 | 0301027 | 203010277 | 第三借阅区/ [索取号:TQ11/10] | 在馆 | |
| 6 | 0301028 | 203010286 | 第二样本阅览室/ [索取号:TQ11/10] | 在馆 |